Kedy dokáže manažér vypnúť v hlave? (manažér a jeho voľný čas)

Pracovná preťaženosť manažérov. Príčiny a typy stresov. Ilustračné príklady.

Salvato in:
Dettagli Bibliografici
Autore principale: Csongár, Katarína
Natura: Capitolo di libro
Lingua:slovacco
Soggetti:
Tags: Aggiungi Tag
Nessun Tag, puoi essere il primo ad aggiungerne!!

MARC

LEADER 00000naa a2200000 4500
001 0241375
005 20180322075032.9
041 0 |a slo 
044 |a SK 
245 1 0 |a Kedy dokáže manažér vypnúť v hlave?  |b (manažér a jeho voľný čas)  |c Katarína Csongár 
520 |a Pracovná preťaženosť manažérov. Príčiny a typy stresov. Ilustračné príklady. 
610 2 0 |a manažéri 
610 2 0 |a stresy 
610 2 0 |a štýl pracovný 
610 2 0 |a štýl životný 
610 2 0 |a štýl vedenia 
100 1 |a Csongár, Katarína